000 00335 a2200109 4500
001 ART_10756
005 20260410161854.0
008 260409a
245 1 0 _aAcerca de la despenalización del aborto
100 1 _aIribarne, Héctor P.
773 0 _tDerecho privado
_gBioderecho - Año I, Nº 1 (mayo 2012)
_wREV10455
999 _c25292
_d25292